Score 0/8 Timer 08:00
0 Plays Today
% Correct
Kathak
95.4%
Kathakali
76.5%
Kuchipudi
75.1%
Odissi
70%
Bharatanatyam
68.7%
Manipuri
63.6%
Mohiniyattam
48.8%
Sattriya
38.2%
Remove Ads.
Support Sporcle.
Get the best of Sporcle when you Go Orange. This ad-free experience offers more features, more stats, and more fun while also helping to support Sporcle. Thank you for becoming a member.

You're not logged in!

Compare scores with friends on all Sporcle quizzes.
OR
Log In

Show Comments

Extras

Created Oct 5, 2009ReportNominate
Tags:Classical Quiz, dance, india

Top Quizzes Today


Score Distribution

Your Account Isn't Verified!

In order to create a playlist on Sporcle, you need to verify the email address you used during registration. Go to your Sporcle Settings to finish the process.

Report this User

Report this user for behavior that violates our Community Guidelines.

Details: